Responses for Show #3928 - Wednesday, October 3, 2001

Contestants

[<< previous game]

Kathryn Masters, a stage manager from Marlborough, Massachusetts

Rod Sanders, a master control operator from Corpus Christi, Texas

Jeff Rhodes, a publication editor from Marietta, Georgia (whose 1-day cash winnings total $13,000)

[next game >>]

Jeopardy! Round responses

THE THEATRE
TILL DEATH DO US PART--NOT!
SPORTS & GAMES
SECOND-LARGEST CITIES
SAUCEY!
"HAM" IMPROVEMENT
    $100 3
(Kathryn: Who is Mia Farrow?)

Diane Keaton

RodKathryn
    $100 22
Meg Ryan

Kathryn
    $100 1
king

Kathryn
    $100 17
Beijing

Jeff
    $100 11
pesto sauce

Rod
    $100 12
hammock

Jeff
    $200 4
Gilda Radner

Rod
    $200 23
Jane Fonda

Rod
    $200 2
odd

Rod
    $200 18
Hanoi

Jeff
    $200 27
Alfredo

Kathryn
    $200 13
hammerhead shark

Jeff
    $300 5
Rydell High

Rod
    $300 24
Garth Brooks

Rod
    $300 8
(Jeff: What is the backcourt?)

deuce

Jeff
Triple Stumper
    $300 19
Marseille

Rod
    $300 28
(Alex: See, anything associated with chocolate belongs to you!)

mole

Kathryn
    $300 14
hammer & sickle

Jeff
    $400 6
On the Waterfront

Rod
    $400 25
Nicolas Cage

Kathryn
    $400 9
clubs

Triple Stumper
    $400 20
(Rod: What is Solero?)

Barcelona

Rod
Triple Stumper
    $400 29
bearnaise

Triple Stumper
    $400 15
Hamburg

Jeff
    $500 7
(Kathryn: Who are Rodgers & Hart?)

Rodgers & Hammerstein

RodKathryn
    $500 26
Damon Wayans

Rod
    $500 10
lacrosse

Kathryn
    $500 21
Guadalajara

Triple Stumper
    $500 30
(Kathryn: What is carbonara?)

marinara

Kathryn
    $500 16
Alexander Hamilton

Rod

Scores at the first commercial break (after clue 16):

Jeff Rod Kathryn
$700 $2,300 $0

Scores at the end of the Jeopardy! Round:

Jeff Rod Kathryn
$1,000 $3,200 $500

Double Jeopardy! Round responses

INSPIRED CHARACTERS
IF IT'S WEDNESDAY THEY MUST BE BELGIANS
BEATLES NO. 1 HITS
JUST "ASP"
MATH
AFTERMATH
    $200 6
Little Women

Rod
    $200 9
the United Nations

Rod
    $200 1
"She Loves You"

Kathryn
    $200 14
Aspen

Rod
    $200 19
a decimal point

Rod
    $200 24
(Rod: What is North America?)
(Kathryn: What is Antarctica?)

Africa

RodKathryn
Triple Stumper
    $400 7
Fyodor Dostoyevsky

Triple Stumper
    $400 10
the Tour de France

Rod
    $400 2
"Yellow Submarine"

Kathryn
    $400 15
an aspirin

Rod
    $400 20
long division

Rod
    $400 25
Berlin

Rod
    $600 8
Benjamin Disraeli

Triple Stumper
    $600 11
Father Damien

Triple Stumper
    $600 3
"Paperback Writer"

Rod
    $600 16
asparagus

Triple Stumper
    $600 21
cross multiplication

Kathryn
    $1,500 26
[The end-of-round signal sounds.]

the Salem Witch Trials

Rod
    $800 12
(Alex: Not only is he "Alive", he's "Alive and Well"...)

Jacques Brel

Triple Stumper
    $1,800 4
(Rod: What is "Birthday"?)

"We Can Work It Out"

Rod
    $800 17
asphyxiate

Rod
    $800 22
(Jeff: What is a cross section?)
....
(Alex: Less than a minute to go, Kathryn.)

conic section

Jeff
Triple Stumper
    $1000 13
Django Reinhardt

Triple Stumper
    $1000 5
(Rod: What is "Get Back"?)
(Kathryn: What is "Hey Jude"?)

"The Long And Winding Road"

RodKathryn
Triple Stumper
    $1000 18
an aspect ratio

Rod
    $1000 23
a Venn diagram

Rod

Scores at the end of the Double Jeopardy! Round:

Jeff Rod Kathryn
$200 $7,500 $500
(lock game)

[wagering suggestions for these scores]

Final Jeopardy! Round responses

TRANSPORTATION
JeffWhat are the Goodyear Blimps?
$199
KathrynWhat ?
$99
RodWhat are Space Shuttles
$2,500
the Goodyear Blimps

Final scores:

Jeff Rod Kathryn
$399 $5,000 $401
3rd place: Trip to Sonata Resort & Spa, Key Biscayne, Florida New champion: $5,000 2nd place: Trip to Wyndham Morgan Bay Resort, St. Lucia, West Indies

Game dynamics:

Coryat scores:

Jeff Rod Kathryn
$200 $8,400 $1,000
6 R,
2 W
25 R
(including 1 DD),
4 W
(including 1 DD)
9 R,
5 W
(including 1 DD)

Combined Coryat: $9,600

[game clues] [game scores] [suggest correction]

Game tape date: 2001-08-14
The J! Archive is created by fans, for fans. Scraping, republication, monetization, and malicious use prohibited; this site may use cookies and collect identifying information. See terms. The Jeopardy! game show and all elements thereof, including but not limited to copyright and trademark thereto, are the property of Jeopardy Productions, Inc. and are protected under law. This website is not affiliated with, sponsored by, or operated by Jeopardy Productions, Inc. Join the discussion at JBoard.tv.